000 00849nam a22002417a 4500
001 14343
003 BD-RjUL
005 20211208235618.0
008 140205t2004 i ao||| |||| 0|1 0 eng d
020 0 _a8170353173
035 _a(BD-RjUL)14395
040 _aBD-RjUL
_beng
_cBD-RjUL
041 _aeng
082 1 4 _216
_a 574.5
_bCUR 2004
245 1 _aCurrent issues in environmental and fish biology :
_b (Proceedings of UGC-DSA national seminar on environmental and fish biology, February 01-03, 2002) /
_cedited by shelley Bhattacharya ; saument kumar maitra.
260 _aDelhi :
_bDaya Publishing House,
_c2004.
300 _a221 p. :
_billus. ;
_c23 cm.
504 _aIncludes index.
650 1 _a Ecology --
_vCongresses.
_944765
700 1 _aBhattacharya , Shlley.
_944766
700 1 _aMaitra, Saumen Kumar.
_944767
942 _2ddc
_cBK
999 _c14343
_d14343